00289nam a2200121Ia 45000030006000000080041000060400015000471000034000622450033000962600009001295460012001380050017001500STCL150530s9999 xx 000 0 und d aSTCLcSTCL aWebster; Khandelwal, K.N.; Ed aWebster the Duchess of malfi c1960 aEnglish20220125171009.0